<?xml version="1.0" encoding="UTF-8"?><?xml-stylesheet type="text/xsl" href="static/style.xsl"?><OAI-PMH xmlns="http://www.openarchives.org/OAI/2.0/" xmlns:xsi="http://www.w3.org/2001/XMLSchema-instance" xsi:schemaLocation="http://www.openarchives.org/OAI/2.0/ http://www.openarchives.org/OAI/2.0/OAI-PMH.xsd"><responseDate>2026-04-13T12:33:23Z</responseDate><request verb="GetRecord" identifier="oai:www.recercat.cat:10256/13135" metadataPrefix="marc">https://recercat.cat/oai/request</request><GetRecord><record><header><identifier>oai:recercat.cat:10256/13135</identifier><datestamp>2024-06-18T11:53:07Z</datestamp><setSpec>com_2072_452955</setSpec><setSpec>com_2072_2054</setSpec><setSpec>col_2072_453077</setSpec></header><metadata><record xmlns="http://www.loc.gov/MARC21/slim" xmlns:dcterms="http://purl.org/dc/terms/" xmlns:xsi="http://www.w3.org/2001/XMLSchema-instance" xmlns:doc="http://www.lyncode.com/xoai" xsi:schemaLocation="http://www.loc.gov/MARC21/slim http://www.loc.gov/standards/marcxml/schema/MARC21slim.xsd">
   <leader>00925njm 22002777a 4500</leader>
   <datafield ind2=" " ind1=" " tag="042">
      <subfield code="a">dc</subfield>
   </datafield>
   <datafield ind2=" " ind1=" " tag="720">
      <subfield code="a">Gómez Gener, Lluís</subfield>
      <subfield code="e">author</subfield>
   </datafield>
   <datafield ind2=" " ind1=" " tag="720">
      <subfield code="a">Obrador, Biel</subfield>
      <subfield code="e">author</subfield>
   </datafield>
   <datafield ind2=" " ind1=" " tag="720">
      <subfield code="a">von Schiller, Daniel</subfield>
      <subfield code="e">author</subfield>
   </datafield>
   <datafield ind2=" " ind1=" " tag="720">
      <subfield code="a">Marcé Romero, Rafael</subfield>
      <subfield code="e">author</subfield>
   </datafield>
   <datafield ind2=" " ind1=" " tag="720">
      <subfield code="a">Casas Ruiz, Joan Pere</subfield>
      <subfield code="e">author</subfield>
   </datafield>
   <datafield ind2=" " ind1=" " tag="720">
      <subfield code="a">Proia, Lorenzo</subfield>
      <subfield code="e">author</subfield>
   </datafield>
   <datafield ind2=" " ind1=" " tag="720">
      <subfield code="a">Acuña i Salazar, Vicenç</subfield>
      <subfield code="e">author</subfield>
   </datafield>
   <datafield ind2=" " ind1=" " tag="720">
      <subfield code="a">Catalán, Núria</subfield>
      <subfield code="e">author</subfield>
   </datafield>
   <datafield ind2=" " ind1=" " tag="720">
      <subfield code="a">Muñoz Gràcia, Isabel</subfield>
      <subfield code="e">author</subfield>
   </datafield>
   <datafield ind2=" " ind1=" " tag="720">
      <subfield code="a">Koschorreck, Matthias</subfield>
      <subfield code="e">author</subfield>
   </datafield>
   <datafield ind2=" " ind1=" " tag="260">
      <subfield code="c">info:eu-repo/date/embargoEnd/2026-01-01</subfield>
   </datafield>
   <datafield ind2=" " ind1=" " tag="260">
      <subfield code="c">info:eu-repo/date/embargoEnd/2026-01-01</subfield>
   </datafield>
   <datafield ind2=" " ind1=" " tag="260">
      <subfield code="c">2015</subfield>
   </datafield>
   <datafield ind2=" " ind1=" " tag="520">
      <subfield code="a">During summer drought, Mediterranean&#xd;
fluvial networks are transformed into highly heterogeneous&#xd;
landscapes characterized by different environments&#xd;
(i.e., running and impounded waters, isolated&#xd;
river pools and dry beds). This hydrological setting&#xd;
defines novel biogeochemically active areas that could&#xd;
potentially increase the rates of carbon emissions from&#xd;
the fluvial network to the atmosphere. Using chamber&#xd;
methods, we aimed to identify hot spots for carbon&#xd;
dioxide (CO2) and methane (CH4) emissions from two&#xd;
typical Mediterranean fluvial networks during summer&#xd;
drought. The CO2 efflux from dry beds (mean ±&#xd;
SE = 209 ± 10 mmolCO2m-2 d-1) was comparable to that from running waters (120 ± 33 mmol m-2&#xd;
d-1) and significantly higher than from impounded&#xd;
waters (36.6 ± 8.5 mmol m-2 d-1) and isolated pools&#xd;
(17.2 ± 0.9 mmol m-2 d-1). In contrast, the CH4&#xd;
efflux did not significantly differ among environments,&#xd;
although the CH4 efflux was notable in some&#xd;
impounded waters (13.9 ± 10.1 mmol CH4 m-2&#xd;
d-1) and almost negligible in the remaining environments&#xd;
(mean\0.3 mmol m-2 d-1). Diffusion was the&#xd;
only mechanism driving CO2 efflux in all environments&#xd;
and was most likely responsible for CH4 efflux&#xd;
in running waters, isolated pools and dry beds. In&#xd;
contrast, the CH4 efflux in impounded waters was&#xd;
primarily ebullition-based. Using a simple heuristic&#xd;
approach to simulate potential changes in carbon&#xd;
emissions from Mediterranean fluvial networks under&#xd;
future hydrological scenarios, we show that an extreme&#xd;
drying out (i.e., a four-fold increase of the surface area of dry beds) would double the CO2 efflux from the&#xd;
fluvial network. Correspondingly, an extreme transformation&#xd;
of running waters into impounded waters&#xd;
(i.e., a twofold increase of the surface area of&#xd;
impounded waters) would triple the CH4 efflux. Thus,&#xd;
carbon emissions from dry beds and impounded waters&#xd;
should be explicitly considered in carbon assessments&#xd;
of fluvial networks, particularly under predicted global&#xd;
change scenarios, which are expected to increase the&#xd;
spatial and temporal extent of these environments</subfield>
   </datafield>
   <datafield ind2=" " ind1=" " tag="520">
      <subfield code="a">This research was funded by the Spanish Ministry of Economy and Competitiveness through the projects CGL2011-30474-C02-01 and CGL2014-58760-C3-1-R</subfield>
   </datafield>
   <datafield ind1="8" ind2=" " tag="024">
      <subfield code="a">http://hdl.handle.net/10256/13135</subfield>
   </datafield>
   <datafield tag="653" ind2=" " ind1=" ">
      <subfield code="a">Biogeoquímica</subfield>
   </datafield>
   <datafield tag="653" ind2=" " ind1=" ">
      <subfield code="a">Biogeochemistry</subfield>
   </datafield>
   <datafield tag="653" ind2=" " ind1=" ">
      <subfield code="a">Gasos d'efecte hivernacle</subfield>
   </datafield>
   <datafield tag="653" ind2=" " ind1=" ">
      <subfield code="a">Greenhouse gases</subfield>
   </datafield>
   <datafield tag="653" ind2=" " ind1=" ">
      <subfield code="a">Metà</subfield>
   </datafield>
   <datafield tag="653" ind2=" " ind1=" ">
      <subfield code="a">Methane</subfield>
   </datafield>
   <datafield ind2="0" ind1="0" tag="245">
      <subfield code="a">Hot spots for carbon emissions from Mediterranean fluvial networks during summer drought</subfield>
   </datafield>
</record></metadata></record></GetRecord></OAI-PMH>